Religion Quiz

Random Religion or Judaism Quiz

Fictional Jews Quiz Stats

 Plays Quiz Updated Aug 6, 2019

Score 0/17 Timer 05:00
7 Plays Today
Appeared in Character % Correct
The SimpsonsKrusty the Clown
79.9%
FriendsRoss Geller
77.8%
South ParkKyle Broflovski
66.2%
RugratsTommy Pickles
53.5%
Fantastic Four (comics)The Thing
52.9%
Dirty DancingFrances 'Baby' Houseman
49.2%
EntourageAri Gold
46.2%
The Merchant of Venice (Shakespeare)Shylock
41.5%
Family GuyMort Goldman
39.4%
Appeared in Character % Correct
Fiddler on the RoofTevye
28.1%
The O.C.Seth Cohen
22.8%
Ulysses (James Joyce)Leopold Bloom
20.6%
Sesame Street Mr. Hooper
17.9%
The Big LebowskiWalter Sobchak
17.1%
Nineteen Eighty-Four (George Orwell)Emmanuel Goldstein
11.5%
Trilby (George du Maurier)Svengali
9.7%
The Jazz SingerJakie Rabinowitz (Jack Robin)
2%

You're not logged in!

Compare scores with friends on all Sporcle quizzes.
OR
Log In

Sporcle TV

Today on Sporcle TV


Watch our educational content, quiz creation guides, and fun videos on Sporcle TV.

Show Comments

Extras

Top Quizzes Today


Score Distribution

Your Account Isn't Verified!

In order to create a playlist on Sporcle, you need to verify the email address you used during registration. Go to your Sporcle Settings to finish the process.

Report this User

Report this user for behavior that violates our Community Guidelines.

Details: